| 000 | 00775 a2200193 4500 | ||
|---|---|---|---|
| 003 | Nust | ||
| 005 | 20221111113944.0 | ||
| 020 | _a0030765765 | ||
| 040 | _cNust | ||
| 082 | _a512.5,GRO | ||
| 100 |
_aGrossman, Stanley _9102567 |
||
| 245 |
_aElementary Linear Algebra / _cStanley I. Grossman |
||
| 250 | _a4th ed | ||
| 260 |
_aBelmont, Calif. _b: Wadsworth Pub. Co _c., c1980. |
||
| 300 |
_ax, 387 p. : _bill. ; 24 cm. |
||
| 505 | _aSystems of Linear Equations and Matrices (Page-1), Determinants (Page-110), Vectors in R2 and R3 (Page-154), Vector Spaces (Page-211), Linear Transformations (Page-330), Eigenvalues, Eigenvectors, and Canonical forms (Page-386), Numerical Method (Page-465), | ||
| 650 |
_aElementary linear algebra _9102568 |
||
| 942 |
_2ddc _cBK _k512.5,GRO |
||
| 999 |
_c182129 _d182129 |
||